Byty a bydlení

Gespeichert in:
Bibliographische Detailangaben
1. Verfasser: Krásenský, Antonín
Weitere Verfasser: Nováková, Helena
Format: Buch
Sprache:Tschechisch
Veröffentlicht: Praha Tisk., ed. a propagačná služba 1984
Tags: Tag hinzufügen
Keine Tags, Fügen Sie das erste Tag hinzu!

MARC

LEADER 00000nam a2200000 4500
001 c114360
005 20041019155158.3
041 0 |a cze 
044 |a CZ 
245 1 0 |a Byty a bydlení  |c Antonín Krásenský, Helena Nováková 
264 1 |a Praha  |b Tisk., ed. a propagačná služba  |c 1984 
300 |a 362 s. 
100 1 |a Krásenský, Antonín 
700 1 |a Nováková, Helena